[Event "RUS Cup Qualifier 4"]
[Site "chessassistantclub.com INT"]
[Date "2004.11.25"]
[Round "?"]
[White "Kotov, Maksim"]
[Black "Lysyj, Igor"]
[Result "0-1"]
[WhiteElo "2312"]
[BlackElo "2470"]
[PlyCount "94"]
[EventDate "2004.11.25"]
[EventType "swiss (blitz)"]
[EventRounds "13"]
[EventCountry "RUS"]
[SourceTitle "CBM 103 Extra"]
[Source "ChessBase"]
[SourceDate "2005.01.01"]
[SourceVersion "1"]
[SourceVersionDate "2005.01.01"]
[SourceQuality "1"]

1. d4 Nf6 2. c4 e6 3. Nc3 Bb4 4. e3 0-0 5. Bd3 d5 6. a3 Bxc3+ 7. bxc3 c5 8. cxd5 Qxd5 9. Nf3 b6 10. Qe2 Bb7 11. 0-0 Nbd7 12. Bb2 Ne4 13. c4 Qh5 14. Rfe1 Rfd8 15. Rad1 Ng5 16. Nxg5 Qxg5 17. f3 cxd4 18. exd4 Nf6 19. Qe5 Qxe5 20. Rxe5 Rac8 21. Bf1 Rc7 22. a4 Ba6 23. Rc1 Rdc8 24. c5 Bxf1 25. Kxf1 Nd7 26. Rg5 h6 27. Rg4 Nf6 28. Rg3 Nd5 29. Ba3 g5 30. h4 Ne3+ 31. Ke2 Nf5 32. Rg4 Nxh4 33. Rh1 Nf5 34. Kd3 Kg7 35. f4 Kg6 36. fxg5 hxg5 37. Re1 Rd8 38. Kc4 Rd5 39. a5 bxa5 40. Rge4 Rcd7 41. Rd1 Rc7 42. Rb1 Nd6+ 43. Kd3 Nxe4 44. Kxe4 f5+ 45. Kd3 e5 46. Bb2 Rcxc5 47. Re1 e4+ 0-1

[Event "RUS Cup Qualifier 4"]
[Site "chessassistantclub.com INT"]
[Date "2004.11.25"]
[Round "?"]
[White "Kotov, Maksim"]
[Black "Mashinskaya, Iulia"]
[Result "1-0"]
[WhiteElo "2312"]
[BlackElo "2205"]
[PlyCount "67"]
[EventDate "2004.11.25"]
[EventType "swiss (blitz)"]
[EventRounds "13"]
[EventCountry "RUS"]
[SourceTitle "CBM 103 Extra"]
[Source "ChessBase"]
[SourceDate "2005.01.01"]
[SourceVersion "1"]
[SourceVersionDate "2005.01.01"]
[SourceQuality "1"]

1. d4 d5 2. c4 c6 3. Nf3 dxc4 4. e3 Be6 5. Ng5 Qa5+ 6. Nc3 Qxg5 7. e4 Qg6 8. d5 cxd5 9. exd5 Bf5 10. Bxc4 Qxg2 11. Rf1 Nf6 12. Qb3 Bc8 13. Be3 g6 14. 0-0-0 Bg7 15. d6 e6 16. d7+ Nfxd7 17. Bxe6 0-0 18. Bd5 Qxh2 19. Bxb7 Bxb7 20. Qxb7 Bxc3 21. bxc3 Qe5 22. Bd4 Qg5+ 23. f4 Nc5 24. Qxa8 Qf5 25. Qf3 Nbd7 26. Rf2 Na4 27. Qc6 Ndb6 28. Qf6 Qxf6 29. Bxf6 Nc4 30. Re2 h5 31. Rde1 Kh7 32. Re8 Rxe8 33. Rxe8 g5 34. f5 1-0

[Event "RUS Cup Qualifier 4"]
[Site "chessassistantclub.com INT"]
[Date "2004.11.25"]
[Round "?"]
[White "Starosek, Konstantin"]
[Black "Kotov, Maksim"]
[Result "1-0"]
[WhiteElo "2488"]
[BlackElo "2312"]
[PlyCount "125"]
[EventDate "2004.11.25"]
[EventType "swiss (blitz)"]
[EventRounds "13"]
[EventCountry "RUS"]
[SourceTitle "CBM 103 Extra"]
[Source "ChessBase"]
[SourceDate "2005.01.01"]
[SourceVersion "1"]
[SourceVersionDate "2005.01.01"]
[SourceQuality "1"]

1. Nf3 d5 2. g3 Nf6 3. Bg2 Bf5 4. 0-0 e6 5. d3 h6 6. Nbd2 Be7 7. b3 0-0 8. Bb2 Nbd7 9. c4 c6 10. a3 a5 11. Qc2 Bh7 12. Bc3 Bd6 13. Qb2 Qe7 14. b4 axb4 15. axb4 Rfe8 16. c5 Bc7 17. Ne5 Nxe5 18. Bxe5 Bxe5 19. Qxe5 Ng4 20. Qb2 e5 21. h3 Nf6 22. Nb3 e4 23. Qd2 Qc7 24. Kh2 Rxa1 25. Rxa1 Bf5 26. Nd4 Bg6 27. Rf1 h5 28. Rd1 h4 29. Qf4 hxg3+ 30. Qxg3 Qd7 31. dxe4 Nxe4 32. Bxe4 Bxe4 33. Rg1 Bg6 34. e3 Qe7 35. h4 Qf6 36. Ne2 Re4 37. Nf4 Rxb4 38. h5 Bc2 39. Qg4 Bf5 40. Qg5 Qxg5 41. Rxg5 Bd7 42. h6 g6 43. Re5 Be6 44. Nxe6 fxe6 45. Rxe6 Kf7 46. Rd6 Rh4+ 47. Kg3 Rxh6 48. Rd7+ Ke6 49. Rxb7 Rh1 50. Rc7 Rc1 51. Rxc6+ Kf5 52. Kf3 g5 53. Ke2 Rc2+ 54. Kf1 Ke4 55. Kg2 g4 56. Re6+ Kf5 57. Rc6 Ke5 58. Rc8 Ke4 59. c6 d4 60. Re8+ Kd3 61. Rd8 Rxc6 62. Rxd4+ Ke2 63. Rxg4 1-0

[Event "RUS Cup Qualifier 2"]
[Site "chessassistantclub.com INT"]
[Date "2004.09.30"]
[Round "?"]
[White "Ginzburg, Yakov"]
[Black "Kotov, Maksim"]
[Result "1/2-1/2"]
[WhiteElo "2298"]
[BlackElo "2312"]
[PlyCount "89"]
[EventDate "2004.09.30"]
[EventType "swiss (blitz)"]
[EventRounds "13"]
[EventCountry "RUS"]
[SourceTitle "EXT 2006"]
[Source "ChessBase"]
[SourceDate "2005.11.24"]
[SourceVersion "1"]
[SourceVersionDate "2005.11.24"]
[SourceQuality "1"]

1. d4 Nf6 2. c4 c5 3. Nf3 cxd4 4. Nxd4 e6 5. g3 Bb4+ 6. Bd2 Bc5 7. Nb3 Be7 8. Bg2 0-0 9. 0-0 d5 10. cxd5 Nxd5 11. Nc3 Nc6 12. Nxd5 exd5 13. Bc3 Be6 14. Nd4 Qd7 15. Qd2 Rad8 16. Rfd1 h6 17. Rac1 Bg5 18. e3 Bh3 19. Bh1 Bg4 20. Re1 Be7 21. Ne2 Rfe8 22. Nf4 Be6 23. Bg2 Bf8 24. h3 a6 25. Kh2 b5 26. a3 Qa7 27. Bxg7 Bxg7 28. Rxc6 d4 29. Nxe6 fxe6 30. exd4 Qxd4 31. Qe2 Qxb2 32. Rxe6 Qxe2 33. R1xe2 Rxe6 34. Rxe6 a5 35. Ra6 b4 36. Rxa5 bxa3 37. Rxa3 Rd2 38. Ra8+ Kf7 39. Ra7+ Kf8 40. Ra8+ Kf7 41. Ra7+ Kf8 42. Kg1 Bd4 43. Ra8+ Kf7 44. Ra7+ Kf8 45. Ra8+ 1/2-1/2

[Event "RUS Cup Qualifier 2"]
[Site "chessassistantclub.com INT"]
[Date "2004.09.30"]
[Round "?"]
[White "Kotov, Maksim"]
[Black "Galkin, Alexander"]
[Result "1/2-1/2"]
[WhiteElo "2312"]
[BlackElo "2598"]
[PlyCount "88"]
[EventDate "2004.09.30"]
[EventType "swiss (blitz)"]
[EventRounds "13"]
[EventCountry "RUS"]
[SourceTitle "EXT 2006"]
[Source "ChessBase"]
[SourceDate "2005.11.24"]
[SourceVersion "1"]
[SourceVersionDate "2005.11.24"]
[SourceQuality "1"]

1. d4 d5 2. c4 e6 3. Nf3 c6 4. Qc2 Nf6 5. Nbd2 dxc4 6. Nxc4 c5 7. dxc5 Bxc5 8. e3 b6 9. Be2 Bb7 10. 0-0 0-0 11. Rd1 Qc7 12. Bd2 Nc6 13. Bc3 Nd5 14. Be5 Nxe5 15. Ncxe5 Qe7 16. a3 Rac8 17. Qa4 a6 18. b4 b5 19. Qb3 Bd6 20. Rac1 Nb6 21. h3 Bd5 22. Qb2 f6 23. Nd3 Nc4 24. Qa1 Rc7 25. Nd4 Rfc8 26. Nb2 Be5 27. Nxc4 Bxc4 28. Bxc4 Rxc4 29. Rxc4 Rxc4 30. Qb1 Bxd4 31. exd4 Qd6 32. Qe4 Qd5 33. Qd3 f5 34. Qd2 h6 35. h4 Kh7 36. h5 Rc7 37. Qe3 Rd7 38. Re1 Rd6 39. Qg3 Kh8 40. Qg6 Qxd4 41. Qe8+ Kh7 42. Qg6+ Kh8 43. Qe8+ Kh7 44. Qg6+ Kh8 1/2-1/2

[Event "RUS Cup Qualifier 2"]
[Site "chessassistantclub.com INT"]
[Date "2004.09.30"]
[Round "?"]
[White "Najer, Evgeniy"]
[Black "Kotov, Maksim"]
[Result "0-1"]
[WhiteElo "2608"]
[BlackElo "2312"]
[PlyCount "70"]
[EventDate "2004.09.30"]
[EventType "swiss (blitz)"]
[EventRounds "13"]
[EventCountry "RUS"]
[SourceTitle "EXT 2006"]
[Source "ChessBase"]
[SourceDate "2005.11.24"]
[SourceVersion "1"]
[SourceVersionDate "2005.11.24"]
[SourceQuality "1"]

1. e4 e6 2. d3 d5 3. Nd2 c5 4. g3 Nc6 5. f4 g6 6. Bg2 Bg7 7. Ngf3 Nge7 8. 0-0 0-0 9. c3 b5 10. e5 a5 11. Re1 Ba6 12. Nf1 b4 13. Be3 Qb6 14. Bf2 bxc3 15. bxc3 Qb5 16. c4 dxc4 17. Rb1 Nb4 18. a3 cxd3 19. axb4 axb4 20. N1d2 c4 21. Ne4 Nd5 22. Nd6 Qa5 23. Ra1 Qc7 24. Bf1 Rfb8 25. Ng5 b3 26. Qg4 Qe7 27. Qh3 h5 28. Bd4 Bc8 29. Rxa8 Rxa8 30. Nxc4 Qb4 31. Rd1 Qxc4 32. Bf2 b2 33. Bxd3 Qxd3 34. Rxd3 b1Q+ 35. Qf1 Qxf1+ 0-1

[Event "RUS-Cup01"]
[Site "Tomsk"]
[Date "2003.07.12"]
[Round "9"]
[White "Kotov, Maksim"]
[Black "Stavskij, Danil"]
[Result "1/2-1/2"]
[WhiteElo "2312"]
[BlackElo "2155"]
[PlyCount "103"]
[EventDate "2003.07.04"]
[EventType "swiss"]
[EventRounds "9"]
[EventCountry "RUS"]
[SourceTitle "CBM 095 Extra"]
[Source "ChessBase"]
[SourceDate "2003.09.04"]
[SourceVersion "1"]
[SourceVersionDate "2003.09.04"]
[SourceQuality "1"]

1. d4 Nf6 2. c4 g6 3. Nc3 d5 4. cxd5 Nxd5 5. e4 Nxc3 6. bxc3 c5 7. Bc4 Bg7 8. Ne2 Nc6 9. Be3 0-0 10. 0-0 Na5 11. Bd3 c4 12. Bc2 b5 13. Qd2 Nc6 14. a4 Ba6 15. axb5 Bxb5 16. Rfb1 a6 17. d5 Ne5 18. Nd4 Ng4 19. Bg5 Qd7 20. h3 Nf6 21. Be3 e6 22. dxe6 fxe6 23. f4 Rfb8 24. Qe2 Ne8 25. f5 e5 26. Ne6 Nf6 27. Nxg7 Kxg7 28. fxg6 hxg6 29. Rf1 Rf8 30. Rad1 Qc6 31. Qd2 Rh8 32. Bg5 Raf8 33. Qe3 Nd7 34. Rxf8 Nxf8 35. Qa7+ Nd7 36. Kh2 Re8 37. Rd5 Kg8 38. Qf2 Qe6 39. Qd2 Qf7 40. Rd6 Re6 41. Qd5 Rxd6 42. Qxd6 Kg7 43. Bd1 Qf8 44. Qd2 Qf7 45. Bg4 Nf6 46. Qd6 Nxg4+ 47. hxg4 Kh7 48. Qxe5 Bc6 49. Bf6 Bxe4 50. g5 Bc6 51. Qe1 Kg8 52. Bd4 1/2-1/2

[Event "RUS-Cup01"]
[Site "Tomsk"]
[Date "2003.07.08"]
[Round "5"]
[White "Kotov, Maksim"]
[Black "Yakovlev, Mikhail"]
[Result "1-0"]
[WhiteElo "2312"]
[BlackElo "2176"]
[PlyCount "71"]
[EventDate "2003.07.04"]
[EventType "swiss"]
[EventRounds "9"]
[EventCountry "RUS"]
[SourceTitle "CBM 095 Extra"]
[Source "ChessBase"]
[SourceDate "2003.09.04"]
[SourceVersion "1"]
[SourceVersionDate "2003.09.04"]
[SourceQuality "1"]

1. d4 Nf6 2. c4 e6 3. Nf3 c5 4. d5 exd5 5. cxd5 d6 6. Nc3 g6 7. Nd2 a6 8. a4 Nbd7 9. e4 Bg7 10. Be2 Rb8 11. a5 0-0 12. 0-0 g5 13. Nc4 Ne8 14. Qc2 Ne5 15. Ne3 h6 16. Re1 Nf6 17. Ra3 g4 18. Bd2 Nh7 19. Ncd1 Qh4 20. Nf1 f5 21. exf5 Bxf5 22. Qc1 Be4 23. Bf4 Ng5 24. Bxe5 Bxe5 25. Ng3 Rf7 26. Qd2 Rbf8 27. b4 Bd4 28. Re3 Bxd5 29. bxc5 dxc5 30. Qd3 Ne6 31. Rxe6 Bxe6 32. Qg6+ Kh8 33. Qxe6 Rxf2 34. Kh1 Rxg2 35. Kxg2 Qh3+ 36. Kh1 1-0

[Event "RUS-Cup01"]
[Site "Tomsk"]
[Date "2003.07.07"]
[Round "4"]
[White "Zablotsky, Sergei"]
[Black "Kotov, Maksim"]
[Result "1-0"]
[WhiteElo "2410"]
[BlackElo "2312"]
[PlyCount "69"]
[EventDate "2003.07.04"]
[EventType "swiss"]
[EventRounds "9"]
[EventCountry "RUS"]
[SourceTitle "CBM 095 Extra"]
[Source "ChessBase"]
[SourceDate "2003.09.04"]
[SourceVersion "1"]
[SourceVersionDate "2003.09.04"]
[SourceQuality "1"]

1. Nf3 d5 2. g3 e6 3. Bg2 c5 4. d4 Nf6 5. 0-0 Nc6 6. c4 dxc4 7. Qa4 Bd7 8. dxc5 Bxc5 9. Qxc4 Be7 10. Nc3 0-0 11. Rd1 a6 12. Bg5 Qc7 13. Ne4 Nd5 14. Bxe7 Ndxe7 15. Nc5 Rfd8 16. Ng5 Be8 17. Rdc1 Rac8 18. Qe4 Ng6 19. h4 Nf8 20. h5 h6 21. Nf3 Rd5 22. Qh4 Qb6 23. Nd3 Rcd8 24. Rc3 Nd4 25. Nxd4 Rxd4 26. Qe7 Qa5 27. Qxb7 Qxh5 28. Bf3 Qf5 29. Rc8 Bb5 30. Rxd8 Rxd8 31. Be4 Qg5 32. a4 Bxd3 33. Bxd3 a5 34. Rd1 f5 35. Qc7 1-0